| 000 | 01226nam a22002777a 4500 | ||
|---|---|---|---|
| 003 | BPGM | ||
| 005 | 20260630155432.0 | ||
| 008 | 260630m19911997mx ad||gr||||s001 0 spa d | ||
| 020 | _a968-7377-38-0 | ||
| 040 |
_aBPGM _bspa |
||
| 041 |
_aSPA _hSPA |
||
| 082 | 0 | 4 |
_a338.97245 _bM45 |
| 100 |
_aGOBIERNO DEL ESTADO DE QUERETARO _eAUTOR |
||
| 245 |
_aMEMORIA GRAFICA _bACCIONES Y OBRAS 1991-1997 |
||
| 250 | _aPRIMERA EDICION | ||
| 260 |
_aQUERETARO _bGOBIERNO DEL ESTADO DE QUERETARO _c1997 |
||
| 300 |
_a215 páginas _c29 cm x 28.5 cm |
||
| 336 |
_2rdacontent _atexto _btxt |
||
| 337 |
_2rdamedia _asin mediación _bn |
||
| 338 |
_2rdacarrier _avolumen _bnc |
||
| 505 | _aEl libro Memoria gráfica: acciones y obras 1991-1997 documenta el gobierno de Enrique Burgos García en Querétaro, mostrando en 215 páginas con fotografías las principales obras públicas, programas sociales y acciones de modernización realizadas durante su administración. Es una recopilación visual y escrita que busca dejar constancia de los avances en infraestructura, educación, salud y desarrollo urbano en ese periodo. | ||
| 650 | _2PRODUCCION | ||
| 650 | _2ECOLOGIA | ||
| 650 | _2OBRAS ENCICLOPEDICAS GENERALES | ||
| 942 |
_2ddc _cCOLQ |
||
| 999 |
_c68707 _d68707 |
||